1809 1401 1980 1937 1351 1067 1082 1927 1921 1025 1653 1544 1513 1618 1799 1888 1630 1540 1866 1635 1660 1549 1259 1289 1783 1596 1265 1880 1368 1827 1525 1774 1003 1766 1791 1087 1102 1193 1110 1541 1798 1329 1277 1841 1707 1812 1382 1387 1900 1255 1553 1140 1978 1017 1817 1983 1696 1677 1521 1619 1184 1459 1015 1952 2000 1605 1549 1208 1078 1615 1785 1509 1909 1454 1704 1657 1503 1455 1963 1434 1613 1514 1785 1688 1947 1759 1902 1211 1454 1240 1738 1047 1012 1761 1909 1937 1234 1684 1172 BCNSPRNW ULIB Ver.6.0+V

เปลี่ยนเป็นภาษาไทย

Change to English
 แสดงรายละเอียดบรรณานุกรม
  กลับหน้าหลัก

Brief Record : Get Marc (ISO 2709) : E-mail record : QR code < ปิดหน้าต่าง
LEADER : 00000nam 2200000uu 4500
001    13399125704
003     ULIB
008    170716s2559||||th 000 0 tha d
020    ^a9786167793207
060  0 ^aWB327^bห177ร
100 0  ^aหมอแมว มีหมี
245 00 ^aเรื่องสุขภาพสนุกๆสไตล์หมอแมว /^cหมอแมว มีหมี
260    ^aกรุงเทพฯ :^bบริษัทต้นมะนาวพับลิชชิ่ง,^c2559
300    ^a192 หน้า ;^c21 ซม.
650  0 ^aสุขภาพ
945    ^p169^l0^i25275
999    ^aกัณชพร จุลอักษร
รายการนี้ยังไม่มีแท็ก
คุณยังไม่ได้ล็อกอิน คุณสามารถมีกิจกรรมร่วมกับเว็บไซต์ได้ แต่ต้องล็อกอินก่อน ::
  ล็อกอิน

รายการสื่อสารสนเทศ

ลำดับที่ ประเภท เลขเรียก/บาร์โค้ด สถานที่ สถานะ
1. วิทยาศาสตร์การแพทย์ และสุขภาพ
วิทยาศาสตร์การแพทย์ และสุขภาพ
สถานะ=หนังสือเก่า
WB327 ห177ร ฉ.1 
  Barcode: 25275
ห้องสมุดวิทยาเขตนครสวรรค์
►ส่วนจัดเก็บหนังสือเก่า นว.
บนชั้น
  ขอยืม

รายการใกล้เคียง
    ผู้แต่ง [หมอแมว มีหมี]

    หัวเรื่อง [สุขภาพ]

BibComment


ยังไม่เคยถูกคอมเมนท์

คอมเมนท์ทรัพยากรรายการนี้
  คอมเมนท์: เรื่องสุขภาพสนุก..


 Copyright 2026. Bcnsprnw @Library